LEADER 01124nam0-2200385---450- 001 990008607700403321 005 20140618104631.0 010 $a978-3-527-30372-4 035 $a000860770 035 $aFED01000860770 035 $a(Aleph)000860770FED01 035 $a000860770 100 $a20080130d2001----km-y0itay50------ba 101 0 $aeng 102 $aDE 105 $a--------001yy 200 1 $a<> chemist's guide to density functional theory$fWolfram Koch, Max C. Holthausen 205 $a2. ed. 210 $aWeinheim ; New York ; Chichester [etc.]$cWiley-VCH$dc2001 215 $aXIII, 300 p.$d24 cm 610 0 $aStato solido 610 0 $aChimica quantistica 676 $a541.28$v21$zita 700 1$aKoch,$bWolfram$0309742 701 1$aHolthausen,$bMax C.$0309743 801 0$aIT$bUNINA$gRICA$2UNIMARC 901 $aBK 912 $a990008607700403321 952 $a32-265$bD.S.F. 8977$fFI1 952 $a541.28-KOC-1$b8014$fSC1 952 $a541.28-KOC-1A$b8015$fSC1 959 $aFI1 959 $aSC1 996 $aChemist's guide to density functional theory$978385 997 $aUNINA LEADER 00865nam0-2200313---450- 001 990009399200403321 005 20110718083132.0 010 $a978-88-498-2645-6 035 $a000939920 035 $aFED01000939920 035 $a(Aleph)000939920FED01 035 $a000939920 100 $a20110718d2010----km-y0itay50------ba 101 0 $aita 102 $aIT 105 $ay-------001yy 200 1 $aProudhon$edall?anarchia alla federazione$fDaniela Andreatta 210 $aSoveria Mannelli$cRubbettino$d2010 215 $a444 p.$d23 cm 225 1 $aSaggi$iFilosofia$v243 610 0 $aProudhon, Pierre Joseph 676 $a320.57$v21$zita 700 1$aAndreatta,$bDaniela$0252217 801 0$aIT$bUNINA$gREICAT$2UNIMARC 901 $aBK 912 $a990009399200403321 952 $aCollez. 2075(243)$b47271$fFSPBC 959 $aFSPBC 997 $aUNINA